000
00314nam a22001457a 4500
008
211019b ||||| |||| 00| 0 eng d
020
_a
2900738070017
041
_a
eng
080
_2
3rd
_a
371
082
_a
371
100
_a
46
101
_a
EDU
245
_a
Success by Design
_c
Cutchen,G.M
942
_2
udc
_c
BK
999
_c
58282
_d
58282